00376nam a22001097a 4500082000800000100002900008245010100037260003700138300001900175650004000194700003200234 a621 aRasheed, M. Muneeb Hamid aMulti-Criteria Workspace Optimization of Parallel Kinematics Machines /cM. Muneeb Hamid Rasheed aIslamabad :bCEME - NUST,c2014. a66 p. ;c30cm. aMechatronics Engineering-MS-Thesis  aDr. Kunwar Faraz Ahmed Khan